[Event "Gaia Profigaia op 7th"]
[Site "Vila Nova de Gaia"]
[Date "2014.07.03"]
[Round "8"]
[White "Carvalho, Luis Eduardo Moreir"]
[Black "Ferreira, Beatriz Oliveira"]
[Result "1/2-1/2"]
[WhiteElo "1343"]
[BlackElo "1564"]
[PlyCount "123"]
[EventDate "2014.06.28"]
[EventType "swiss"]
[EventRounds "9"]
[EventCountry "POR"]
[SourceTitle "CBM 161 Extra"]
[Source "ChessBase"]
[SourceDate "2014.08.29"]
[SourceVersion "1"]
[SourceVersionDate "2014.08.29"]
[SourceQuality "1"]

1. e4 d5 2. exd5 Qxd5 3. Nc3 Qa5 4. Nf3 Bg4 5. h3 Bh5 6. Bc4 Nf6 7. d3 c5 8. Bf4 e6 9. 0-0 Be7 10. Nb5 Nd5 11. Bxd5 Qxb5 12. Bb3 0-0 13. Re1 Nd7 14. Re4 Bg6 15. Re2 Bf6 16. Rb1 Qc6 17. Ne5 Nxe5 18. Bxe5 Bh5 19. f3 Qb6 20. Kf1 Be7 21. Qd2 Qc6 22. Qf4 Rad8 23. Qg3 Bg6 24. h4 Bd6 25. Rbe1 b5 26. a3 Bxe5 27. Rxe5 c4 28. dxc4 bxc4 29. Ba2 Rd5 30. Qg4 Bxc2 31. Bxc4 h5 32. Qf4 Rxe5 33. Rxe5 Qc7 34. Qe3 Rc8 35. Be2 Bg6 36. Rb5 Qh2 37. Rb4 Qh1+ 38. Kf2 Rc1 39. Qd2 Qg1+ 40. Kg3 Rc2 41. Qd1 Qe3 42. Bf1 Qf2+ 43. Kh2 Rd2 44. Qc1 Bd3 45. Rd4 Rc2 46. Rd8+ Kh7 47. Bxd3+ g6 48. Bxc2 Qxh4+ 49. Kg1 Qxd8 50. b4 Qd4+ 51. Kf1 Qc4+ 52. Kf2 Qd4+ 53. Qe3 Qh4+ 54. Ke2 Qc4+ 55. Qd3 Qf4 56. b5 Qe5+ 57. Kd2 Qf4+ 58. Kc3 Qc7+ 59. Kb4 Qe7+ 60. Ka4 Qh4+ 61. Qe4 Qd8 62. Qf4 1/2-1/2

[Event "Gaia Profigaia op 7th"]
[Site "Vila Nova de Gaia"]
[Date "2014.07.02"]
[Round "6"]
[White "Ferreira, Beatriz Oliveira"]
[Black "Ferreira, Luis Pedro Oliveira"]
[Result "0-1"]
[WhiteElo "1564"]
[BlackElo "2004"]
[PlyCount "70"]
[EventDate "2014.06.28"]
[EventType "swiss"]
[EventRounds "9"]
[EventCountry "POR"]
[SourceTitle "CBM 161 Extra"]
[Source "ChessBase"]
[SourceDate "2014.08.29"]
[SourceVersion "1"]
[SourceVersionDate "2014.08.29"]
[SourceQuality "1"]

1. e4 Nf6 2. e5 Nd5 3. Nf3 d6 4. Bc4 dxe5 5. Nxe5 e6 6. 0-0 Nd7 7. Nxf7 Kxf7 8. Bxd5 exd5 9. Qh5+ g6 10. Qxd5+ Kg7 11. b3 Be7 12. Bb2+ Bf6 13. Nc3 c6 14. Qd6 Nb6 15. Qxd8 Rxd8 16. d3 Re8 17. Rab1 Bf5 18. a3 Kf7 19. Rfe1 Nd5 20. Ne4 Bxe4 21. Rxe4 Bxb2 22. Rxb2 Nc3 23. Rxe8 Rxe8 24. Kf1 a5 25. b4 a4 26. f3 b5 27. d4 Re6 28. h3 Ke7 29. Kg1 Kd6 30. Kh2 Kd5 31. Kg3 Kxd4 32. Kg4 h6 33. f4 Ke3 34. f5 Re4+ 35. Kg3 gxf5 0-1

[Event "POR-ch (Women)"]
[Site "Lisbon"]
[Date "2014.04.13"]
[Round "1"]
[White "Ferreira, Beatriz Oliveira"]
[Black "Oliveira, Maria Ines"]
[Result "1/2-1/2"]
[WhiteElo "1556"]
[BlackElo "1954"]
[PlyCount "78"]
[EventDate "2014.04.13"]
[EventType "swiss"]
[EventRounds "6"]
[EventCountry "POR"]
[SourceTitle "EXT 2015"]
[Source "ChessBase"]
[SourceDate "2014.11.20"]
[SourceVersion "1"]
[SourceVersionDate "2014.11.20"]
[SourceQuality "1"]

1. e4 c5 2. Nc3 e6 3. g3 Nc6 4. Bg2 Nf6 5. d3 Be7 6. Nge2 0-0 7. 0-0 Rb8 8. Nf4 b5 9. Be3 a5 10. Nce2 Ba6 11. c3 b4 12. d4 bxc3 13. bxc3 cxd4 14. cxd4 d5 15. exd5 exd5 16. Re1 Re8 17. Nc3 Bc4 18. Nd3 Bf8 19. Qc2 Ng4 20. Qd2 Nxe3 21. fxe3 Qg5 22. Nf4 Bb4 23. a3 Bxc3 24. Qxc3 Rb3 25. Qc1 Rb6 26. Rb1 Rxb1 27. Qxb1 h5 28. Qb7 Nxd4 29. Nxd5 Nc2 30. Qc6 Qe5 31. Rd1 Bxd5 32. Bxd5 Qxe3+ 33. Kh1 Nxa3 34. Rf1 Rf8 35. Qd7 Kh8 36. Rxf7 Qe1+ 37. Kg2 Qe2+ 38. Kg1 Qe1+ 39. Kg2 Qe2+ 1/2-1/2

[Event "Lisbon Check Mate op 1st"]
[Site "Lisbon"]
[Date "2013.08.15"]
[Round "7.15"]
[White "Cadeirinhas, David Eduardo Lour"]
[Black "Ferreira, Beatriz Oliveira"]
[Result "1-0"]
[WhiteElo "1905"]
[BlackElo "1542"]
[PlyCount "199"]
[EventDate "2013.08.10"]
[EventType "swiss"]
[EventRounds "7"]
[EventCountry "POR"]
[SourceTitle "EXT 2015"]
[Source "ChessBase"]
[SourceDate "2014.11.20"]
[SourceVersion "1"]
[SourceVersionDate "2014.11.20"]
[SourceQuality "1"]

1. c4 Nf6 2. Nc3 d6 3. g3 e5 4. Bg2 c6 5. d3 Nbd7 6. Rb1 Be7 7. Nf3 0-0 8. b4 a6 9. a4 d5 10. cxd5 cxd5 11. Qb3 d4 12. Nd5 Rb8 13. b5 Nc5 14. Nxf6+ Bxf6 15. Qc4 b6 16. Ba3 Be6 17. Qc2 axb5 18. Rxb5 Bd7 19. Bxc5 Bxb5 20. Bxf8 Bxa4 21. Qxa4 Qxf8 22. Qb5 Qd6 23. 0-0 Qe6 24. Rc1 e4 25. dxe4 Qxe4 26. Qxb6 Qe8 27. Qc7 Rb2 28. Bf1 Rb8 29. Bh3 Rb2 30. Qc8 Rxe2 31. Qxe8+ Rxe8 32. Rc8 Kf8 33. Rxe8+ Kxe8 34. Bf5 g6 35. Be4 Ke7 36. Kf1 Kd6 37. Ke2 Kc5 38. Kd3 h6 39. h3 Bg7 40. Nd2 Kd6 41. Nb3 f5 42. Bg2 Ke5 43. f4+ Kf6 44. Nxd4 g5 45. Nc6 Bf8 46. Kd4 Bd6 47. Ne5 Bc7 48. Nd3 Bb6+ 49. Nc5 Bc7 50. fxg5+ hxg5 51. g4 fxg4 52. hxg4 Bh2 53. Be4 Bg1+ 54. Kd5 Be3 55. Bf5 Bc1 56. Ne4+ Ke7 57. Bg6 Bf4 58. Bh5 Kd7 59. Nf2 Ke7 60. Nd3 Bg3 61. Nc5 Bf4 62. Ne6 Bc1 63. Ke5 Bb2+ 64. Kf5 Bc1 65. Nxg5 Kf8 66. Ne6+ Kg8 67. g5 Bxg5 68. Nxg5 Kg7 69. Ne6+ Kh8 70. Bg6 Kg8 71. Kf6 Kh8 72. Ng5 Kg8 73. Nf7 Kf8 74. Bh7 Ke8 75. Ne5 Kf8 76. Ng6+ Ke8 77. Ke6 Kd8 78. Kd6 Kc8 79. Kc6 Kd8 80. Bg8 Ke8 81. Kd6 Kd8 82. Bf7 Kc8 83. Bd5 Kd8 84. Bc6 Kc8 85. Ne7+ Kb8 86. Nd5 Ka7 87. Kc7 Ka6 88. Be8 Ka5 89. Bd7 Ka6 90. Kc6 Ka5 91. Kc5 Ka6 92. Bc6 Ka5 93. Nb6 Ka6 94. Nc4 Ka7 95. Kd6 Ka6 96. Kc7 Ka7 97. Bb5 Ka8 98. Nd6 Ka7 99. Nc8+ Ka8 100. Bc6# 1-0

[Event "POR-ch U18"]
[Site "Braga"]
[Date "2013.08.04"]
[Round "4.2"]
[White "Ferreira, Beatriz Oliveira"]
[Black "Santos, Ines Sofia Oliveira"]
[Result "0-1"]
[WhiteElo "1542"]
[BlackElo "1756"]
[PlyCount "90"]
[EventDate "2013.08.02"]
[EventType "swiss"]
[EventRounds "7"]
[EventCountry "POR"]
[SourceTitle "EXT 2015"]
[Source "ChessBase"]
[SourceDate "2014.11.20"]
[SourceVersion "1"]
[SourceVersionDate "2014.11.20"]
[SourceQuality "1"]

1. e4 e5 2. Nf3 Nc6 3. d4 exd4 4. Bc4 Bc5 5. c3 Nf6 6. cxd4 Bb4+ 7. Bd2 Bxd2+ 8. Nbxd2 d6 9. h3 0-0 10. 0-0 Ne7 11. Re1 Ng6 12. e5 dxe5 13. dxe5 Nh5 14. e6 fxe6 15. Bxe6+ Bxe6 16. Rxe6 Nhf4 17. Re3 Qf6 18. Qb3+ Kh8 19. Ne4 Qc6 20. Neg5 Nd5 21. Rd3 Ngf4 22. Rd2 Qg6 23. Rxd5 Nxd5 24. Qxd5 h6 25. Ne4 Rxf3 26. Qxb7 Rff8 27. Ng3 Qf7 28. Ne4 Rfb8 29. Qc6 Re8 30. Ng3 Rab8 31. b3 Rb6 32. Qc5 Rf8 33. Rc1 Qf4 34. Rc4 Qf7 35. Rc2 Ra6 36. Qb5 Rf6 37. Qc5 a6 38. Ne4 Rf4 39. f3 Qg6 40. Kh2 R4f7 41. Qe5 Qb6 42. Nc3 Rf5 43. Qe4 Qd6+ 44. Kh1 Re5 45. Qc4 Re1+ 0-1

[Event "POR-ch prel"]
[Site "Lisbon"]
[Date "2013.07.20"]
[Round "8.31"]
[White "Ferreira, Beatriz Oliveira"]
[Black "Dias, Jose Oliveira Gaspa"]
[Result "1/2-1/2"]
[WhiteElo "1559"]
[BlackElo "1621"]
[PlyCount "170"]
[EventDate "2013.07.15"]
[EventType "swiss"]
[EventRounds "9"]
[EventCountry "POR"]
[SourceTitle "EXT 2015"]
[Source "ChessBase"]
[SourceDate "2014.11.20"]
[SourceVersion "1"]
[SourceVersionDate "2014.11.20"]
[SourceQuality "1"]

1. e4 d5 2. exd5 Qxd5 3. Nc3 Qd6 4. d4 Nf6 5. Nf3 a6 6. h3 b5 7. Bd3 Bb7 8. Be3 e6 9. 0-0 Be7 10. Be2 0-0 11. Ne5 Nbd7 12. Nxd7 Qxd7 13. Bf3 Nd5 14. Nxd5 Bxd5 15. c3 Rac8 16. Bf4 Rfd8 17. Re1 c5 18. Bxd5 Qxd5 19. dxc5 Qf5 20. Qg4 Rxc5 21. Qxf5 Rxf5 22. Be3 h5 23. Rad1 Rfd5 24. Rxd5 Rxd5 25. Kf1 Bf6 26. Ke2 g5 27. Rd1 Rxd1 28. Kxd1 Kf8 29. Kd2 Ke8 30. Kd3 Kd7 31. Ke4 Kc6 32. Ba7 Kd6 33. Be3 Be7 34. Bd4 f5+ 35. Kd3 Kd5 36. f3 e5 37. Bb6 e4+ 38. fxe4+ fxe4+ 39. Ke3 Bd6 40. Bd4 a5 41. Bf6 Bf4+ 42. Ke2 g4 43. Bd8 a4 44. Bf6 Kc4 45. hxg4 hxg4 46. Be7 Bc1 47. Ba3 Kd5 48. Kd1 Bg5 49. Ke2 Ke5 50. g3 Kd5 51. Bf8 Bc1 52. Ba3 Bh6 53. Be7 Ke6 54. Bc5 Bg5 55. Be3 Be7 56. Bf4 Kd5 57. Kd2 Kc4 58. Be3 Bd8 59. Bf4 Be7 60. Ke3 Kd5 61. Bh6 Ke5 62. Bg7+ Kf5 63. Bh6 Bd6 64. Kf2 Ke6 65. Bd2 Kd5 66. Be1 Kc4 67. Ke3 Kd5 68. Ke2 Bc5 69. Bf2 Bd6 70. Be1 a3 71. b3 Be5 72. Ke3 Bd6 73. c4+ bxc4 74. bxc4+ Kxc4 75. Kxe4 Bxg3 76. Bxg3 Kc3 77. Ke3 Kb2 78. Kd2 Kxa2 79. Kc2 Ka1 80. Bf4 Ka2 81. Be5 g3 82. Bxg3 Ka1 83. Be1 Ka2 84. Bd2 Ka1 85. Bc1 Ka2 1/2-1/2

[Event "POR-ch prel"]
[Site "Lisbon"]
[Date "2013.07.20"]
[Round "7.29"]
[White "Leao, Tiago Miguel da S"]
[Black "Ferreira, Beatriz Oliveira"]
[Result "1/2-1/2"]
[WhiteElo "1703"]
[BlackElo "1559"]
[PlyCount "68"]
[EventDate "2013.07.15"]
[EventType "swiss"]
[EventRounds "9"]
[EventCountry "POR"]
[SourceTitle "EXT 2015"]
[Source "ChessBase"]
[SourceDate "2014.11.20"]
[SourceVersion "1"]
[SourceVersionDate "2014.11.20"]
[SourceQuality "1"]

1. e4 d5 2. exd5 Qxd5 3. Nc3 Qa5 4. d4 Nf6 5. Bd2 c6 6. Nf3 Bg4 7. Bc4 e6 8. 0-0 Qc7 9. h3 Bh5 10. g4 Bg6 11. Ne5 Bd6 12. Bf4 Nbd7 13. Re1 0-0-0 14. Qf3 Nb6 15. Bb3 Nfd5 16. Nxg6 hxg6 17. Bxd6 Rxd6 18. Nxd5 Nxd5 19. Bxd5 Rxd5 20. c3 Qe7 21. Qg3 Qc7 22. Qxc7+ Kxc7 23. Kg2 Kd7 24. Re5 f6 25. Re2 Re8 26. Rae1 Kd6 27. f4 g5 28. f5 e5 29. Kf3 c5 30. dxe5+ Rexe5 31. Rxe5 Rxe5 32. Rh1 Rd5 33. Ke3 Re5+ 34. Kd3 b5 1/2-1/2

[Event "POR-ch prel"]
[Site "Lisbon"]
[Date "2013.07.19"]
[Round "6.28"]
[White "Ferreira, Beatriz Oliveira"]
[Black "Lavrador, Rodolfo Manuel"]
[Result "0-1"]
[WhiteElo "1559"]
[BlackElo "2016"]
[PlyCount "72"]
[EventDate "2013.07.15"]
[EventType "swiss"]
[EventRounds "9"]
[EventCountry "POR"]
[SourceTitle "EXT 2015"]
[Source "ChessBase"]
[SourceDate "2014.11.20"]
[SourceVersion "1"]
[SourceVersionDate "2014.11.20"]
[SourceQuality "1"]

1. e4 e6 2. d4 d5 3. exd5 exd5 4. Nc3 c6 5. Bd3 Bd6 6. Nge2 Ne7 7. Bf4 0-0 8. 0-0 Bf5 9. Re1 Bxd3 10. Qxd3 Ng6 11. Bxd6 Qxd6 12. Ng3 Nd7 13. Nf5 Qf6 14. Ne3 Nf4 15. Qd2 Qg6 16. Ne2 Nh3+ 17. Kf1 Ng5 18. Ng3 f5 19. Nexf5 Rxf5 20. Nxf5 Qxf5 21. f3 Rf8 22. Kg1 Qg6 23. Kh1 h6 24. Re7 Qd6 25. Rae1 Nb6 26. Rxb7 Nc4 27. Qe2 Qf4 28. Qe7 Rf7 29. Qe8+ Kh7 30. Qxc6 Nxf3 31. gxf3 Qxf3+ 32. Kg1 Qf2+ 33. Kh1 Qxe1+ 34. Kg2 Qf2+ 35. Kh3 Rf3+ 36. Kg4 Qg2+ 0-1

[Event "POR-ch prel"]
[Site "Lisbon"]
[Date "2013.07.15"]
[Round "1.27"]
[White "Fanha, Paulo Alexandre Mar"]
[Black "Ferreira, Beatriz Oliveira"]
[Result "1-0"]
[WhiteElo "1936"]
[BlackElo "1559"]
[PlyCount "85"]
[EventDate "2013.07.15"]
[EventType "swiss"]
[EventRounds "9"]
[EventCountry "POR"]
[SourceTitle "EXT 2015"]
[Source "ChessBase"]
[SourceDate "2014.11.20"]
[SourceVersion "1"]
[SourceVersionDate "2014.11.20"]
[SourceQuality "1"]

1. d4 Nf6 2. Nf3 d6 3. c3 Nbd7 4. Qc2 e5 5. dxe5 dxe5 6. e4 Be7 7. Bc4 0-0 8. 0-0 c6 9. Rd1 Qc7 10. Nbd2 b5 11. Be2 a5 12. Nf1 Bb7 13. Ng3 Rfe8 14. Nf5 Bf8 15. Be3 Nc5 16. Nd2 Rad8 17. Bg5 Ncd7 18. Nf1 h6 19. Be3 Nc5 20. N1g3 Ne6 21. Rac1 Rxd1+ 22. Rxd1 Rd8 23. Qc1 Rxd1+ 24. Bxd1 c5 25. f3 c4 26. Qd2 Nc5 27. Bc2 Qd7 28. Bxh6 gxh6 29. Nxh6+ Kh7 30. Qxd7 Nfxd7 31. Nxf7 Be7 32. Nf5 Kg8 33. N7d6 Bxd6 34. Nxd6 Bc6 35. Kf2 Nf6 36. g3 Kg7 37. h4 Nh5 38. a4 Nd3+ 39. Bxd3 cxd3 40. axb5 Nxg3 41. Ke3 Nxe4 42. fxe4 Bxe4 43. Nxe4 1-0

[Event "Gaia Profigaia op 6th"]
[Site "Vila Nova de Gaia"]
[Date "2013.07.10"]
[Round "7.27"]
[White "Ribeiro, Andre Amorim"]
[Black "Ferreira, Beatriz Oliveira"]
[Result "0-1"]
[WhiteElo "1144"]
[BlackElo "1559"]
[PlyCount "58"]
[EventDate "2013.07.06"]
[EventType "swiss"]
[EventRounds "9"]
[EventCountry "POR"]
[SourceTitle "EXT 2015"]
[Source "ChessBase"]
[SourceDate "2014.11.20"]
[SourceVersion "1"]
[SourceVersionDate "2014.11.20"]
[SourceQuality "1"]

1. e4 d5 2. exd5 Qxd5 3. Nc3 Qa5 4. Nf3 Bg4 5. Be2 Nf6 6. d3 Nbd7 7. Bf4 c5 8. Ne5 Bxe2 9. Qxe2 e6 10. Nxd7 Nxd7 11. 0-0 Be7 12. Qd2 0-0 13. Ne4 Qb6 14. Qc3 Qc6 15. Rfe1 Nb6 16. Nd2 Nd5 17. Qc4 Nxf4 18. Qxf4 Bf6 19. Nc4 Rfd8 20. Ne5 Qd5 21. Qe4 Rac8 22. Qxd5 Rxd5 23. Nc4 b5 24. Ne3 Rd7 25. c3 Rxd3 26. Red1 Rcd8 27. Rxd3 Rxd3 28. Rd1 c4 29. a3 Bg5 0-1

[Event "Gaia Profigaia op 6th"]
[Site "Vila Nova de Gaia"]
[Date "2013.07.08"]
[Round "5.26"]
[White "Silva, Ana Ines Teixeira D"]
[Black "Ferreira, Beatriz Oliveira"]
[Result "1-0"]
[WhiteElo "1390"]
[BlackElo "1559"]
[PlyCount "97"]
[EventDate "2013.07.06"]
[EventType "swiss"]
[EventRounds "9"]
[EventCountry "POR"]
[SourceTitle "EXT 2015"]
[Source "ChessBase"]
[SourceDate "2014.11.20"]
[SourceVersion "1"]
[SourceVersionDate "2014.11.20"]
[SourceQuality "1"]

1. e4 c5 2. Nc3 Nc6 3. g3 g6 4. Bg2 Bg7 5. d3 d6 6. f4 e5 7. Nf3 Nge7 8. 0-0 h5 9. Nd5 Nxd5 10. exd5 Nd4 11. fxe5 Nxf3+ 12. Qxf3 Bf5 13. Bh3 Qd7 14. Bxf5 Qxf5 15. Qxf5 gxf5 16. exd6 h4 17. Bf4 Bd4+ 18. Kg2 Kd7 19. Rfe1 h3+ 20. Kf1 Rae8 21. c3 Bg7 22. Rxe8 Rxe8 23. Re1 b5 24. Rxe8 Kxe8 25. Be3 a6 26. Bxc5 Kd7 27. Ke2 Bh6 28. Kf3 Bc1 29. b3 Bd2 30. c4 Bc1 31. a4 bxa4 32. bxa4 a5 33. Bb6 Kxd6 34. Bxa5 Bg5 35. Bb6 Ke5 36. a5 f4 37. a6 fxg3 38. Kxg3 f5 39. a7 f4+ 40. Kf3 Bh4 41. a8Q Bg3 42. hxg3 h2 43. Qh8+ Kf5 44. Qh5+ Kf6 45. Kxf4 Kg7 46. Kg5 h1Q 47. Qxh1 Kf7 48. Qh7+ Ke8 49. Kf6 1-0

[Event "POR-ch (Women)"]
[Site "Aveiro"]
[Date "2013.07.05"]
[Round "4.3"]
[White "Oliveira, Maria Elisa Ramos"]
[Black "Ferreira, Beatriz Oliveira"]
[Result "0-1"]
[WhiteElo "1117"]
[BlackElo "1559"]
[PlyCount "84"]
[EventDate "2013.07.03"]
[EventType "swiss"]
[EventRounds "5"]
[EventCountry "POR"]
[SourceTitle "EXT 2015"]
[Source "ChessBase"]
[SourceDate "2014.11.20"]
[SourceVersion "1"]
[SourceVersionDate "2014.11.20"]
[SourceQuality "1"]

1. e4 d5 2. exd5 Qxd5 3. Nc3 Qa5 4. d4 Nf6 5. Nf3 Bg4 6. Be3 c6 7. Bd3 e6 8. 0-0 Nbd7 9. h3 Bh5 10. Re1 Be7 11. Bf4 0-0 12. Qe2 Nd5 13. Bd2 Qc7 14. Bc4 N7f6 15. Nxd5 cxd5 16. Bd3 Rac8 17. c3 Nd7 18. Qe3 Nb6 19. Ne5 Bf6 20. Qg3 Bxe5 21. Rxe5 Bg6 22. Bxg6 hxg6 23. Qh4 Nc4 24. Re2 Nxb2 25. Bf4 Qxc3 26. Bh6 gxh6 27. Qxh6 Qxd4 28. Re3 Nc4 29. Rg3 Qxa1+ 30. Kh2 Qg7 31. Qc1 Nd6 32. Qe3 Nf5 33. Rxg6 Qxg6 34. Qxa7 Nh4 35. g3 Nf3+ 36. Kg2 Qe4 37. h4 Nxh4+ 38. Kh3 Qh1+ 39. Kg4 Rc4+ 40. Kg5 f6+ 41. Kh6 Nf5+ 42. Kg6 Qh6# 0-1

[Event "POR-ch prel"]
[Site "Matosinhos"]
[Date "2012.08.07"]
[Round "4.18"]
[White "Ferreira, Beatriz Oliveira"]
[Black "Ferreira, Luis Pedro Oliveira"]
[Result "0-1"]
[WhiteElo "1505"]
[BlackElo "1894"]
[PlyCount "72"]
[EventDate "2012.08.04"]
[EventType "swiss"]
[EventRounds "9"]
[EventCountry "POR"]
[SourceTitle "EXT 2015"]
[Source "ChessBase"]
[SourceDate "2014.11.20"]
[SourceVersion "1"]
[SourceVersionDate "2014.11.20"]
[SourceQuality "1"]

1. e4 e6 2. d4 d5 3. exd5 exd5 4. Nc3 c6 5. Bd3 Bd6 6. Nge2 Qc7 7. Ng3 Ne7 8. Qf3 0-0 9. Nce2 Nd7 10. Bf4 Nf6 11. Bxd6 Qxd6 12. 0-0 Bd7 13. c3 Rae8 14. h3 Ng6 15. Bc2 Re7 16. Nc1 Nh4 17. Qd1 Rfe8 18. Nd3 Ng6 19. Qd2 b6 20. Rfe1 Ne4 21. Nxe4 dxe4 22. Nc1 f5 23. Ne2 f4 24. Kh1 f3 25. gxf3 exf3 26. Ng1 Nf4 27. Rxe7 Rxe7 28. Nxf3 Re2 29. Qd1 Bxh3 30. Ng5 Qd5+ 31. Ne4 Kh8 32. Kg1 Rxe4 33. Bxe4 Qxe4 34. f3 Qe3+ 35. Kh1 Qf2 36. Qg1 Bg2+ 0-1

[Event "POR-ch qual"]
[Site "Amadora"]
[Date "2011.09.09"]
[Round "7"]
[White "Cruz, Joao Daniel Egas Da"]
[Black "Ferreira, Beatriz Oliveira"]
[Result "1/2-1/2"]
[WhiteElo "1729"]
[BlackElo "1458"]
[PlyCount "56"]
[EventDate "2011.09.03"]
[EventType "swiss"]
[EventRounds "9"]
[EventCountry "POR"]
[SourceTitle "CBM 144 Extra"]
[Source "ChessBase"]
[SourceDate "2011.10.28"]
[SourceVersion "1"]
[SourceVersionDate "2011.10.28"]
[SourceQuality "1"]

1. e4 e5 2. Nf3 Nc6 3. Bb5 d6 4. d4 Bd7 5. 0-0 Nxd4 6. Nxd4 exd4 7. Bxd7+ Qxd7 8. Qxd4 Nf6 9. Nc3 Be7 10. Nd5 c5 11. Nxf6+ Bxf6 12. Qd5 0-0 13. Bf4 Rad8 14. Rfd1 Rfe8 15. Bxd6 Bd4 16. c3 Qxd6 17. cxd4 Qxd5 18. exd5 Rxd5 19. dxc5 Rxc5 20. Rac1 Rce5 21. Kf1 Kf8 22. Re1 Rxe1+ 23. Rxe1 Rc8 24. f3 Rc2 25. Re2 Rxe2 26. Kxe2 Ke7 27. Kd3 Kd7 28. Kd4 Kd6 1/2-1/2

[Event "POR-ch qual"]
[Site "Amadora"]
[Date "2011.09.08"]
[Round "6"]
[White "Atalaia, Manuel Ferreira Cos"]
[Black "Ferreira, Beatriz Oliveira"]
[Result "0-1"]
[WhiteElo "1658"]
[BlackElo "1458"]
[PlyCount "52"]
[EventDate "2011.09.03"]
[EventType "swiss"]
[EventRounds "9"]
[EventCountry "POR"]
[SourceTitle "CBM 144 Extra"]
[Source "ChessBase"]
[SourceDate "2011.10.28"]
[SourceVersion "1"]
[SourceVersionDate "2011.10.28"]
[SourceQuality "1"]

1. e4 e5 2. Nf3 Nc6 3. d4 exd4 4. Bc4 Nf6 5. Nxd4 Nxe4 6. Bxf7+ Kxf7 7. Qh5+ g6 8. Qd5+ Kg7 9. Qxe4 Bb4+ 10. Kd1 d5 11. Qf4 Rf8 12. Qh6+ Kg8 13. Bg5 Qd6 14. Nxc6 Qxc6 15. f3 Bf5 16. c3 d4 17. Bd2 Bxb1 18. Rxb1 dxc3 19. bxc3 Bxc3 20. Rc1 Rad8 21. Rc2 Qa4 22. Kc1 Qa3+ 23. Kd1 Bxd2 24. Rxd2 Qxa2 25. Re1 Qb1+ 26. Ke2 Rfe8+ 0-1